000 006550000a22001810004500
090 _aAR
_b00155
245 1 0 _aSegunda reunión de miembros gubernamentales y no gubernamentales de la Unión Mundial para la Naturaleza - UICN en Suramérica: documento base de Colombia
650 1 4 _aCumbres ambientales
_992742
650 1 4 _aPolíticas ambientales
_95366
650 1 4 _aConvenios internacionales
_93879
650 1 4 _aDesarrollo sostenible
_9278
041 0 _aEspañol
700 1 _aCastaño Uribe, Carlos
_992213
700 1 _aRuíz, Juan Pablo
_921645
100 1 _aSánchez Páez, Heliodoro
_96970
942 _cARTICULO
773 1 _tPreprint
_33
_q1-49
_d1991
999 _c9256
_d9256